Chuyện cũ ở Sốc - Trăng T.1
Tập khảo cứu - du ký về vùng đất Sốc-Trăng - từ xa xưa cho đến trước năm 1945: Đất đai, thủy thổ, con người, phong tục. Tác phẩm cung cấp nhiều tư liệu quý giá về Sốc -Trăng và vùng Hậu Giang từ lúc người Việt mới đến khai hoang định...
Wedi'i Gadw mewn:
| Prif Awdur: | |
|---|---|
| Fformat: | Llyfr |
| Iaith: | Undetermined |
| Cyhoeddwyd: |
Tp. Hồ Chí Minh
Nxb. Trẻ
2020
|
| Pynciau: | |
| Mynediad Ar-lein: | http://lrc.tdmu.edu.vn/opac/search/detail.asp?aID=2&ID=41364 |
| Tagiau: |
Ychwanegu Tag
Dim Tagiau, Byddwch y cyntaf i dagio'r cofnod hwn!
|
| Thư viện lưu trữ: | Trung tâm Học liệu Trường Đại học Thủ Dầu Một |
|---|
| LEADER | 01084nam a2200217Ia 4500 | ||
|---|---|---|---|
| 001 | TDMU_41364 | ||
| 008 | 210410s9999 xx 000 0 und d | ||
| 082 | |a 332 | ||
| 090 | |b V561 | ||
| 100 | |a Vương, Hồng Sển | ||
| 245 | 0 | |a Chuyện cũ ở Sốc - Trăng | |
| 245 | 0 | |c Vương Hồng Sển | |
| 245 | 0 | |n T.1 | |
| 260 | |a Tp. Hồ Chí Minh | ||
| 260 | |b Nxb. Trẻ | ||
| 260 | |c 2020 | ||
| 300 | |a 306tr. | ||
| 520 | |a Tập khảo cứu - du ký về vùng đất Sốc-Trăng - từ xa xưa cho đến trước năm 1945: Đất đai, thủy thổ, con người, phong tục. Tác phẩm cung cấp nhiều tư liệu quý giá về Sốc -Trăng và vùng Hậu Giang từ lúc người Việt mới đến khai hoang định cư | ||
| 650 | |a Lịch sử |x Đời sống xã hội |x Tập quán |z Sóc Trăng (Việt Nam) | ||
| 856 | |u http://lrc.tdmu.edu.vn/opac/search/detail.asp?aID=2&ID=41364 | ||
| 980 | |a Trung tâm Học liệu Trường Đại học Thủ Dầu Một | ||